Vornamen der Väter von Millennials - Statistiken

Allgemein
  • Dieses Quiz wurde 165 mal gespielt
    144 seit der letzten Aktualisierung
  • Das Durchschnittsergebnis liegt bei 22 aus 65
Antwortstatistiken
Hint Antwort % Korrekt
T Thomas
73%
C Christian
69%
S Steffen
67%
S Stefan
66%
A Andreas
65%
H Hans
62%
J Jürgen
62%
P Peter
61%
M Mark
59%
M Michael
58%
R Richard
58%
B Bernd
55%
C Christoph
55%
P Paul
55%
J Johannes
45%
T Thorsten
45%
M Markus
44%
R Ralf
43%
J Jörg
42%
T Tim
40%
J Jan
39%
U Uwe
39%
R Rainer
38%
R Robert
38%
W Walter
37%
F Frank
36%
K Klaus
36%
A Anton
34%
K Karl
34%
R Rudolf
34%
M Martin
33%
M Matthias
32%
A Alexander
31%
G Gerhard
31%
J Jochen
31%
W Werner
31%
R Rolf
29%
G Gerd
28%
O Olaf
28%
C Carsten
27%
I Ingo
26%
U Ulrich
24%
D Daniel
22%
O Oliver
21%
R Roland
21%
B Bernhard
20%
F Florian
20%
H Holger
20%
H Helmut
19%
M Marco
19%
S Sven
19%
H Harald
17%
H Horst
17%
N Norbert
16%
A Axel
15%
F Felix
14%
L Lars
13%
P Patrick
12%
H Heiko
11%
M Mario
8%
L Lutz
7%
S Sascha
7%
B Björn
6%
W Wilfried
6%
H Henning
3%
Keine übereinstimmenden Quizze gefunden
Verteilung der Resultate
Anzahl Personen mit jedem Resultat
Perzentil nach korrekt beantworteten Fragen
Ihre Resultats-Entwicklung
Sie haben dieses Quiz seit der letzten Aktualisierung nicht gespielt